Entry Nombre personal
001 - NÚMERO DE CONTROL
- campo de control: 159626
003 - IDENTIFICADOR DE NÚMERO DE CONTROL
- campo de control: SpMaBN
005 - FECHA Y HORA DE LA ÚLTIMA TRANSACCIÓN
- campo de control: 20250805025139.0
008 - ELEMENTOS DE DATO DE LONGITUD-FIJA
- campo de control de longitud fija: 050215n| aijnnaabn |n aaa
016 ## - NÚMERO DE CONTROL DE UNA AGENCIA BIBLIOGRÁFICA NACIONAL
- Número de control del registro: BNE20050290562
024 7# - IDENTIFICADOR DE OTROS ESTÁNDARES
- Número estándar o código: http://viaf.org/viaf/87446624/
- Fuente: viaf
040 ## - FUENTE DE CATALOGACIÓN
- Centro catalogador/agencia de origen: SpMaBN
- Lengua de catalogación: spa
- Centro/agencia transcriptor: SpMaBN
- Normas de descripción: rdc
- Convención/Normas de encabezamiento de materia/tesauro: embne
100 0# - ENCABEZAMIENTO-NOMBRE DE PERSONA
- Nombre de persona: Zacarías,
- Títulos y otros términos asociados al nombre: Santo
670 ## - FUENTE DE DATOS ENCONTRADOS
- Cita de la fuente: Isabel y Zacarías, los padres del precursor, 2004
- Información encontrada: p. 7, etc. (casado con Santa Isabel; padre de San Juan Bautista)
